<?xml version="1.0" encoding="UTF-8"?><collection xmlns="info:lc/xmlns/marcxchange-v2"><record format="Unimarc" type="bibliographic"><leader>00669cam  2200217   450 </leader><controlfield tag="001">2039161</controlfield><controlfield tag="003">http://id.bnportugal.gov.pt/bib/porbase/2039161</controlfield><controlfield tag="005">20030512211300.0</controlfield><datafield ind1=" " ind2=" " tag="010"><subfield code="a">0-520-09740-8</subfield></datafield><datafield ind1=" " ind2=" " tag="035"><subfield code="3">99938</subfield></datafield><datafield ind1=" " ind2=" " tag="095"><subfield code="a">PTBN00428147</subfield></datafield><datafield ind1=" " ind2=" " tag="100"><subfield code="a">19890713d1989    k  y0pory0103    ba</subfield></datafield><datafield ind1="0" ind2=" " tag="101"><subfield code="a">eng</subfield></datafield><datafield ind1=" " ind2=" " tag="102"><subfield code="a">US</subfield></datafield><datafield ind1="1" ind2=" " tag="200"><subfield code="a">Polish sacred philology in the reformation and the counter-reformation</subfield></datafield><datafield ind1=" " ind2=" " tag="210"><subfield code="a">Berkeley</subfield><subfield code="c">University of California Press</subfield><subfield code="d">1989</subfield></datafield><datafield ind1=" " ind2=" " tag="215"><subfield code="a">288 p.</subfield></datafield><datafield ind1=" " ind2=" " tag="675"><subfield code="a">808.4</subfield><subfield code="v">BN</subfield><subfield code="z">por</subfield><subfield code="3">1557256</subfield></datafield><datafield ind1="0" ind2="1" tag="700"><subfield code="a">Frick</subfield><subfield code="b">David A.</subfield><subfield code="3">529157</subfield></datafield><datafield ind1=" " ind2="0" tag="801"><subfield code="a">PT</subfield><subfield code="b">BN</subfield><subfield code="g">RPC</subfield></datafield><datafield ind1=" " ind2=" " tag="977"><subfield code="1">10-58-27-1-(123)</subfield><subfield code="2">coop</subfield><subfield code="4">UCBG</subfield><subfield code="6">mq648605</subfield><subfield code="7">bc</subfield><subfield code="8">coop</subfield><subfield code="9">UCBG</subfield><subfield code="k">0</subfield></datafield><datafield ind1=" " ind2=" " tag="977"><subfield code="1">BC B-68-5-21</subfield><subfield code="2">coop</subfield><subfield code="4">UCLE</subfield><subfield code="6">mq648604</subfield><subfield code="7">bc</subfield><subfield code="8">coop</subfield><subfield code="9">UCLE</subfield><subfield code="b">35960</subfield><subfield code="k">0</subfield></datafield><datafield ind1=" " ind2=" " tag="998"><subfield code="a">UCBG3-24</subfield></datafield></record></collection>